[Event "Carballo Concello 4th"]
[Site "Carballo"]
[Date "2021.09.05"]
[Round "5"]
[White "Espineira Gonzalez, Diego Adrian"]
[Black "Buitron Ramil, David"]
[Result "1-0"]
[WhiteElo "2310"]
[BlackElo "1970"]
[PlyCount "83"]
[EventDate "2021.09.01"]
[EventType "swiss"]
[EventRounds "9"]
[EventCountry "ESP"]
[SourceTitle "EXT 2022"]
[Source "ChessBase"]
[SourceDate "2021.10.06"]
[SourceVersion "1"]
[SourceVersionDate "2021.10.06"]
[SourceQuality "1"]

1. e4 c5 2. Nf3 g6 3. d4 cxd4 4. Nxd4 Bg7 5. Nc3 Nc6 6. Nf3 Nf6 7. Bc4 0-0 8. 0-0 d6 9. h3 Na5 10. Bb3 b6 11. Re1 Bb7 12. Nd5 Rc8 13. c3 Bxd5 14. Bxd5 Nc4 15. Bb7 Rc7 16. Ba6 d5 17. Bf4 Nxb2 18. Bxc7 Qxc7 19. Qb3 dxe4 20. Nd4 Nd3 21. Bxd3 exd3 22. Rad1 Nd7 23. Rxd3 Nc5 24. Qc4 a6 25. Nb3 Qa7 26. Nxc5 bxc5 27. Qe4 e6 28. Qc6 Rb8 29. Rd7 Qb6 30. Qxb6 Rxb6 31. Rd8+ Bf8 32. Red1 Kg7 33. R1d7 c4 34. Rc8 Bd6 35. g3 Be5 36. Rxc4 Rb1+ 37. Kg2 Rb2 38. a4 Rb3 39. Rb4 Ra3 40. Rbb7 Rxa4 41. Rxf7+ Kg8 42. Rfd7 1-0

[Event "ESP-ch U18"]
[Site "Salobrena"]
[Date "2020.08.21"]
[Round "8"]
[White "Garcia Almeida, Aitana Maria"]
[Black "Buitron Ramil, David"]
[Result "0-1"]
[WhiteElo "1773"]
[BlackElo "2047"]
[PlyCount "120"]
[EventDate "2020.08.17"]
[EventType "swiss"]
[EventRounds "9"]
[EventCountry "ESP"]
[SourceTitle "CBM 197 Extra"]
[Source "ChessBase"]
[SourceDate "2020.09.30"]
[SourceVersion "1"]
[SourceVersionDate "2020.09.30"]
[SourceQuality "1"]

1. Nf3 b6 2. g3 Bb7 3. Bg2 d6 4. d3 Nd7 5. 0-0 h5 6. e4 e5 7. Ng5 Be7 8. Qd2 Nc5 9. Nc3 f6 10. Nf3 Qd7 11. Qe2 0-0-0 12. Be3 Nh6 13. a4 Rdg8 14. Bxh6 Rxh6 15. Nh4 Kb8 16. Nf5 Rh7 17. b4 Ne6 18. a5 Bf8 19. axb6 cxb6 20. d4 g6 21. d5 Nf4 22. gxf4 gxf5 23. Kh1 fxe4 24. Nxe4 Bxd5 25. Rg1 Qb7 26. c4 Rxg2 27. cxd5 Rxg1+ 28. Rxg1 Qxd5 29. f3 Be7 30. Rd1 Qb3 31. fxe5 dxe5 32. Rc1 Qxb4 33. Qc2 Bc5 34. Rb1 Qa3 35. Rb3 Rg7 36. Nxc5 Qa5 37. Nd3 Rc7 38. Qb1 Qd2 39. h4 Rg7 40. Rb2 Qe3 41. Qf1 e4 42. fxe4 Rg4 43. Rh2 Qxe4+ 44. Rg2 Rxg2 45. Qxg2 Qxd3 46. Qg8+ Kb7 47. Qf7+ Ka6 48. Qa2+ Kb5 49. Qb2+ Kc5 50. Qf2+ Kd5 51. Qa2+ Qc4 52. Qd2+ Ke6 53. Qe3+ Kf5 54. Qf3+ Qf4 55. Qd5+ Kg4 56. Qd7+ Kxh4 57. Qd3 f5 58. Qd8+ Kg3 59. Qg8+ Qg4 60. Qb8+ f4 0-1

[Event "ESP-ch U18"]
[Site "Salobrena"]
[Date "2020.08.17"]
[Round "2"]
[White "De Lomas Busquets, Alba"]
[Black "Buitron Ramil, David"]
[Result "1-0"]
[WhiteElo "1674"]
[BlackElo "2047"]
[PlyCount "35"]
[EventDate "2020.08.17"]
[EventType "swiss"]
[EventRounds "9"]
[EventCountry "ESP"]
[SourceTitle "CBM 197 Extra"]
[Source "ChessBase"]
[SourceDate "2020.09.30"]
[SourceVersion "1"]
[SourceVersionDate "2020.09.30"]
[SourceQuality "1"]

1. d4 d5 2. Nf3 Bg4 3. Ne5 Bh5 4. g4 Bg6 5. h4 f6 6. Nxg6 hxg6 7. Qd3 Kf7 8. Bg2 e6 9. c4 c6 10. Nc3 Na6 11. a3 Nc7 12. f4 f5 13. h5 Rh6 14. hxg6+ Rxg6 15. g5 Nf6 16. Bf3 Ne4 17. Bh5 a6 18. Qh3 1-0

[Event "Pontevedra op 7th"]
[Site "Pontevedra"]
[Date "2019.08.12"]
[Round "7"]
[White "Buitron Ramil, David"]
[Black "Saborido Bua, Jorge"]
[Result "1-0"]
[WhiteElo "1919"]
[BlackElo "1986"]
[PlyCount "95"]
[EventDate "2019.08.08"]
[EventType "swiss"]
[EventRounds "9"]
[EventCountry "ESP"]
[SourceTitle "EXT 2020"]
[Source "ChessBase"]
[SourceDate "2019.10.17"]
[SourceVersion "1"]
[SourceVersionDate "2019.10.17"]
[SourceQuality "1"]

1. e4 d5 2. exd5 Qxd5 3. Nc3 Qd8 4. d4 c6 5. Bc4 Bf5 6. g4 Bg6 7. f4 e6 8. Nf3 Bb4 9. h4 Be4 10. a3 Bxc3+ 11. bxc3 Nd7 12. Rh3 Nb6 13. Bb3 Bd5 14. Ne5 Bxb3 15. cxb3 Qc7 16. c4 f6 17. Nd3 0-0-0 18. Bb2 Nh6 19. Qe2 Nd7 20. Re3 Nf8 21. 0-0-0 b6 22. Qf3 f5 23. g5 Ng4 24. Re2 a5 25. Rc2 h5 26. d5 Ng6 27. dxe6 Nxh4 28. Qe2 Rhe8 29. c5 b5 30. Ne5 Rxd1+ 31. Qxd1 Rxe6 32. Rd2 Qe7 33. Rd7 Qxc5+ 34. Kb1 Re7 35. Rd8+ Kb7 36. Rd7+ Kc8 37. Rxe7 Qxe7 38. Qh1 Nxe5 39. fxe5 Qxg5 40. Qxc6+ Kd8 41. e6 Qd2 42. Qa8+ Ke7 43. Qg8 Qd1+ 44. Ka2 Qd8 45. Qf7+ Kd6 46. Bxg7 a4 47. e7 axb3+ 48. Kxb3 1-0

[Event "Pontevedra op 7th"]
[Site "Pontevedra"]
[Date "2019.08.10"]
[Round "3"]
[White "Buitron Ramil, David"]
[Black "Varela Peteira, David"]
[Result "1-0"]
[WhiteElo "1919"]
[BlackElo "1737"]
[PlyCount "111"]
[EventDate "2019.08.08"]
[EventType "swiss"]
[EventRounds "9"]
[EventCountry "ESP"]
[SourceTitle "EXT 2020"]
[Source "ChessBase"]
[SourceDate "2019.10.17"]
[SourceVersion "1"]
[SourceVersionDate "2019.10.17"]
[SourceQuality "1"]

1. e4 c6 2. Nc3 d5 3. Nf3 Bg4 4. h3 Bxf3 5. Qxf3 dxe4 6. Nxe4 e6 7. Bc4 Nd7 8. Qe2 Ngf6 9. Ng5 Nd5 10. d3 Be7 11. Qh5 g6 12. Qg4 Ne5 13. Qg3 Nxc4 14. dxc4 Nf6 15. 0-0 h6 16. Nxe6 fxe6 17. Qxg6+ Kf8 18. Bxh6+ Rxh6 19. Qxh6+ Kf7 20. Rfe1 Qa5 21. Qe3 Qf5 22. Qe5 Qxe5 23. Rxe5 Bd6 24. Re2 Bc5 25. Rae1 Re8 26. g3 Re7 27. Kg2 Nd7 28. f4 Nb6 29. b3 Bb4 30. Rd1 Nd7 31. Rd3 e5 32. fxe5 Nxe5 33. Rde3 Kf6 34. g4 Bd6 35. Rf2+ Ke6 36. Rf5 b5 37. cxb5 cxb5 38. Rh5 Kd5 39. Re2 Kd4 40. Rd2+ Kc5 41. Rh6 Bc7 42. c3 Nc6 43. b4+ Kb6 44. Rf2 Kb7 45. g5 Re3 46. Rf3 Re2+ 47. Kf1 Rxa2 48. g6 Ne5 49. g7 Nxf3 50. g8Q Nh2+ 51. Ke1 Nf3+ 52. Kd1 Rd2+ 53. Kc1 Rd7 54. Rh8 Bf4+ 55. Kb2 Rd2+ 56. Kb3 1-0

[Event "Pontevedra op 7th"]
[Site "Pontevedra"]
[Date "2019.08.10"]
[Round "3"]
[White "Herran Castro, Aitor"]
[Black "Buitron Ramil, David"]
[Result "0-1"]
[WhiteElo "1724"]
[BlackElo "1919"]
[PlyCount "40"]
[EventDate "2019.08.08"]
[EventType "swiss"]
[EventRounds "9"]
[EventCountry "ESP"]
[SourceTitle "EXT 2020"]
[Source "ChessBase"]
[SourceDate "2019.10.17"]
[SourceVersion "1"]
[SourceVersionDate "2019.10.17"]
[SourceQuality "1"]

1. d4 e6 2. Nf3 c5 3. e3 Nf6 4. b3 Nc6 5. Bb2 b6 6. Nbd2 Bb7 7. c3 Rc8 8. Rc1 Ne7 9. dxc5 bxc5 10. Bb5 Ned5 11. Nc4 Be7 12. Nce5 0-0 13. 0-0 d6 14. Nd3 a6 15. Bc4 Nb6 16. Qe2 d5 17. Rfd1 Qc7 18. Nxc5 dxc4 19. Nxb7 Qxb7 20. Ne5 Qc7 0-1

[Event "ESP-ch U18"]
[Site "Salobrena"]
[Date "2019.07.26"]
[Round "8"]
[White "Berasategui Morillo, Alberto"]
[Black "Buitron Ramil, David"]
[Result "0-1"]
[WhiteElo "1649"]
[BlackElo "1919"]
[PlyCount "76"]
[EventDate "2019.07.22"]
[EventType "swiss"]
[EventRounds "9"]
[EventCountry "ESP"]
[SourceTitle "CBM 191 Extra"]
[Source "ChessBase"]
[SourceDate "2019.09.30"]
[SourceVersion "1"]
[SourceVersionDate "2019.09.30"]
[SourceQuality "1"]

1. e4 c5 2. Nf3 d6 3. d4 cxd4 4. Nxd4 Nf6 5. Nc3 g6 6. g3 Bg4 7. f3 Bd7 8. Be3 Nc6 9. Qd2 Bg7 10. 0-0-0 0-0 11. g4 Bxg4 12. fxg4 Nxg4 13. Kb1 Nxe3 14. Qxe3 Qb6 15. Nd5 Bxd4 16. Nxb6 Bxe3 17. Nxa8 Rxa8 18. Bc4 Ne5 19. Bd5 Rb8 20. Rhe1 Bg5 21. Rf1 Kg7 22. h3 a5 23. b4 b6 24. a3 Rc8 25. bxa5 bxa5 26. Rd4 Rc3 27. Ra4 Rxh3 28. Rxa5 Nf3 29. Ka2 Bf6 30. Ra7 Nd4 31. a4 Nxc2 32. Rxf6 Kxf6 33. Bb3 Nb4+ 34. Ka3 Nc6 35. Rb7 Na5 36. Rb5 Rxb3+ 37. Rxb3 Nxb3 38. Kxb3 Ke6 0-1

[Event "ESP-chT CECLUB Div2"]
[Site "Linares"]
[Date "2018.08.18"]
[Round "7.7"]
[White "Buitron Ramil, David"]
[Black "Tena Cordera, Miguel Angel"]
[Result "1/2-1/2"]
[WhiteElo "2112"]
[BlackElo "1999"]
[PlyCount "170"]
[EventDate "2018.08.14"]
[EventType "team-swiss"]
[EventRounds "7"]
[EventCountry "ESP"]
[SourceTitle "CBM 186 Extra"]
[Source "ChessBase"]
[SourceDate "2018.08.24"]
[SourceVersion "1"]
[SourceVersionDate "2018.08.24"]
[SourceQuality "1"]
[WhiteTeam "USC"]
[BlackTeam "Santander Real Club de Regatas"]
[WhiteTeamCountry "ESP"]
[BlackTeamCountry "ESP"]

1. e4 c6 2. d4 d5 3. Nc3 dxe4 4. Nxe4 Nf6 5. Ng3 h5 6. h4 Bg4 7. f3 Bf5 8. Nxf5 Qa5+ 9. Bd2 Qxf5 10. Bd3 Qd7 11. Ne2 e6 12. Bg5 Na6 13. c3 Nc7 14. Qd2 Bd6 15. 0-0-0 0-0-0 16. Kb1 Kb8 17. Nf4 Ncd5 18. Nxd5 cxd5 19. Bf4 Bxf4 20. Qxf4+ Qc7 21. Qg5 Qe7 22. Rde1 Rdg8 23. g4 Qc7 24. Reg1 a6 25. Qe3 g6 26. Qg5 Nh7 27. Qe5 Qxe5 28. dxe5 Nf8 29. gxh5 Rxh5 30. f4 Rgh8 31. Rg4 Kc7 32. Kc2 Kd7 33. Kd2 Ke7 34. Ke3 Nd7 35. Kd4 b6 36. Bc2 Rc8 37. b3 Rch8 38. Bd1 Nc5 39. Bf3 R5h6 40. Rh2 Nd7 41. Be2 Nb8 42. Bd3 Nc6+ 43. Ke3 b5 44. b4 Rd8 45. Rc2 d4+ 46. cxd4 Nxb4 47. Rc7+ Rd7 48. Rxd7+ Kxd7 49. Bb1 Rh8 50. Kf3 a5 51. a3 Nc6 52. Ke4 Ne7 53. Bd3 Kc6 54. Rg2 Rxh4 55. Rb2 b4 56. axb4 axb4 57. Rxb4 Nd5 58. Rc4+ Kd7 59. Be2 Nxf4 60. Bd1 Nd5+ 61. Kf3 Rh3+ 62. Kf2 Ne3 63. Ba4+ Kd8 64. Rb4 Ng4+ 65. Ke2 Re3+ 66. Kd2 Ra3 67. Bc6 Nh6 68. Be4 Ra7 69. Rb8+ Kc7 70. Rh8 Nf5 71. Rf8 Kb6 72. Rb8+ Ka5 73. Kd3 Rd7 74. Ra8+ Kb4 75. Rb8+ Ka3 76. Ra8+ Kb2 77. Ra4 Rc7 78. Rb4+ Ka3 79. Rb7 Rxb7 80. Bxb7 Kb4 81. d5 Kc5 82. dxe6 fxe6 83. Ke4 g5 84. Bc8 Ng7 85. Kf3 Kd5 1/2-1/2

[Event "Sanxenxo Carlos op 10th"]
[Site "Sanxenxo"]
[Date "2018.06.19"]
[Round "4"]
[White "Pulvett Marin, Daniel Eduardo"]
[Black "Buitron Ramil, David"]
[Result "1-0"]
[WhiteElo "2455"]
[BlackElo "2106"]
[PlyCount "51"]
[EventDate "2018.06.16"]
[EventType "swiss"]
[EventRounds "9"]
[EventCountry "ESP"]
[SourceTitle "CBM 185 Extra"]
[Source "ChessBase"]
[SourceDate "2018.07.29"]
[SourceVersion "1"]
[SourceVersionDate "2018.07.29"]
[SourceQuality "1"]

1. d4 Nf6 2. c4 g6 3. Nc3 Bg7 4. Nf3 0-0 5. e4 d6 6. Be2 Nbd7 7. 0-0 e5 8. Re1 Re8 9. Bf1 exd4 10. Nxd4 Nc5 11. f3 a5 12. Ndb5 Nfd7 13. Be3 Ne6 14. Qd2 Be5 15. f4 Bg7 16. Rad1 a4 17. Qc2 b6 18. Nxa4 Bb7 19. Nac3 Nec5 20. Bf2 Qc8 21. b4 Ne6 22. Nd5 Bc6 23. Ndxc7 Nxc7 24. Nxd6 Qb8 25. b5 Bb7 26. Nxb7 1-0

[Event "Benidorm op U2000 16th"]
[Site "Benidorm"]
[Date "2017.12.09"]
[Round "10"]
[White "Buitron Ramil, David"]
[Black "Lerendegui Lasa, Odei"]
[Result "0-1"]
[WhiteElo "1974"]
[BlackElo "1975"]
[PlyCount "86"]
[EventDate "2017.12.01"]
[EventType "swiss"]
[EventRounds "10"]
[EventCountry "ESP"]
[SourceTitle "EXT 2019"]
[Source "ChessBase"]
[SourceDate "2018.10.10"]
[SourceVersion "1"]
[SourceVersionDate "2018.10.10"]
[SourceQuality "1"]

1. e4 b6 2. d4 Bb7 3. Bd3 e6 4. Nf3 Nf6 5. Qe2 d5 6. e5 Ne4 7. Nbd2 Nxd2 8. Bxd2 Be7 9. h4 h6 10. h5 c5 11. c3 Nc6 12. dxc5 bxc5 13. Rh3 Qb6 14. Be3 d4 15. Bf4 0-0-0 16. a4 Na5 17. Rg3 Nb3 18. a5 Qc7 19. Ra4 Bg5 20. Nxg5 hxg5 21. Bxg5 Rd5 22. Bf4 Nc1 23. Bxc1 Rxe5 24. Be3 Rxe3 25. Rxe3 dxe3 26. Qxe3 Rxh5 27. Be4 Rh1+ 28. Ke2 Ba6+ 29. c4 f5 30. Bf3 Qd6 31. Qd3 Qe5+ 32. Kd2 Qxb2+ 33. Qc2 Qd4+ 34. Qd3 Qxf2+ 35. Qe2 Qd4+ 36. Qd3 Qb2+ 37. Qc2 Qe5 38. Qd3 Qe1+ 39. Kc2 Qc1+ 40. Kb3 Re1 41. Be2 Qf4 42. Ra2 Qb8+ 43. Kc2 Qb1+ 0-1

[Event "Gallego-ch U14"]
[Site "Viveiro"]
[Date "2017.02.26"]
[Round "3"]
[White "Vazquez Brea, Raul"]
[Black "Buitron Ramil, David"]
[Result "0-1"]
[WhiteElo "1251"]
[BlackElo "1911"]
[PlyCount "80"]
[EventDate "2017.02.25"]
[EventType "swiss"]
[EventRounds "8"]
[EventCountry "ESP"]
[SourceTitle "EXT 2024"]
[Source "ChessBase"]
[SourceDate "2023.10.10"]
[SourceVersion "1"]
[SourceVersionDate "2023.10.10"]
[SourceQuality "1"]

1. e4 c5 2. c3 e6 3. Nf3 Nc6 4. Bb5 a6 5. Bxc6 bxc6 6. e5 f6 7. d4 cxd4 8. cxd4 d5 9. Qc2 c5 10. dxc5 Qa5+ 11. Nc3 Qxc5 12. Be3 Qc7 13. exf6 Nxf6 14. 0-0 e5 15. Rfe1 Bd6 16. Bf4 0-0 17. Bxe5 Bxe5 18. Nxe5 Ne4 19. Qb3 Nxc3 20. bxc3 Be6 21. Rad1 Rab8 22. Qc2 Bf5 23. Qd2 Be4 24. Rxe4 dxe4 25. Qd5+ Kh8 26. Nd7 Rfd8 27. Nxb8 Rxd5 28. Rxd5 Qxb8 29. g3 h6 30. Rd4 Qb1+ 31. Kg2 Qxa2 32. Rxe4 Qd5 33. Kf3 a5 34. Ke3 Qb3 35. Kd3 a4 36. Rb4 Qd1+ 37. Ke3 a3 38. Rb8+ Kh7 39. Ra8 Qe1+ 40. Kd3 a2 0-1

[Event "EU-ch U14 26th"]
[Site "Prague"]
[Date "2016.08.26"]
[Round "8"]
[White "Buitron Ramil, David"]
[Black "Polansky, Adam Lubos"]
[Result "1-0"]
[WhiteElo "1949"]
[BlackElo "1773"]
[PlyCount "47"]
[EventDate "2016.08.18"]
[EventType "swiss"]
[EventRounds "9"]
[EventCountry "CZE"]
[SourceTitle "CBM 174 Extra"]
[Source "ChessBase"]
[SourceDate "2016.10.10"]
[SourceVersion "1"]
[SourceVersionDate "2016.10.10"]
[SourceQuality "1"]

1. e4 c6 2. d4 d5 3. Nc3 dxe4 4. Nxe4 Nd7 5. Qe2 e6 6. Nf3 Ngf6 7. Bg5 Be7 8. 0-0-0 h6 9. Nxf6+ Nxf6 10. Bd2 Qc7 11. Ne5 b6 12. g4 Bb7 13. Bg2 Bd6 14. f4 0-0-0 15. Qf3 Bxe5 16. fxe5 Nh7 17. Bb4 Ng5 18. Qe3 Qd7 19. h4 Nh7 20. Bd6 f6 21. Qa3 Ba8 22. Rh3 Rhe8 23. Rc3 Nf8 24. Qa6+ 1-0

[Event "EU-ch U14 26th"]
[Site "Prague"]
[Date "2016.08.22"]
[Round "5"]
[White "Tryggestad, Andreas Garberg"]
[Black "Buitron Ramil, David"]
[Result "1-0"]
[WhiteElo "2161"]
[BlackElo "1949"]
[PlyCount "41"]
[EventDate "2016.08.18"]
[EventType "swiss"]
[EventRounds "9"]
[EventCountry "CZE"]
[SourceTitle "CBM 174 Extra"]
[Source "ChessBase"]
[SourceDate "2016.10.10"]
[SourceVersion "1"]
[SourceVersionDate "2016.10.10"]
[SourceQuality "1"]

1. d4 Nf6 2. c4 g6 3. Nc3 Bg7 4. e4 d6 5. Bd3 0-0 6. Nge2 Nbd7 7. 0-0 c5 8. d5 b6 9. f4 Bb7 10. h3 h5 11. Qe1 e6 12. dxe6 fxe6 13. Qg3 e5 14. Qxg6 exf4 15. Bxf4 Ne5 16. Bxe5 dxe5 17. Nd5 Qd6 18. Ng3 Bxd5 19. exd5 e4 20. Nxh5 Qd7 21. Nxf6+ 1-0

[Event "ESP-ch U14"]
[Site "Granada"]
[Date "2016.07.15"]
[Round "7"]
[White "Buitron Ramil, David"]
[Black "Garcia Gimenez, Santiago"]
[Result "1-0"]
[WhiteElo "1835"]
[BlackElo "2044"]
[PlyCount "109"]
[EventDate "2016.07.11"]
[EventType "swiss"]
[EventRounds "9"]
[EventCountry "ESP"]
[SourceTitle "EXT 2024"]
[Source "ChessBase"]
[SourceDate "2023.10.10"]
[SourceVersion "1"]
[SourceVersionDate "2023.10.10"]
[SourceQuality "1"]

1. e4 e5 2. Nf3 Nc6 3. Bb5 a6 4. Ba4 Nf6 5. 0-0 b5 6. Bb3 Be7 7. d3 d6 8. h3 0-0 9. c3 Na5 10. Bc2 c5 11. Nbd2 Nc6 12. Re1 Re8 13. Nf1 Bf8 14. Ng3 g6 15. Bg5 Bg7 16. Qd2 Be6 17. Rad1 Qc7 18. Bb1 Kh8 19. Bh6 Qe7 20. Bxg7+ Kxg7 21. d4 Bd7 22. Re2 Rad8 23. Qg5 Ng8 24. Qxe7 Ngxe7 25. dxc5 dxc5 26. Red2 Be6 27. Rxd8 Rxd8 28. Rxd8 Nxd8 29. Nxe5 f6 30. Nd3 Nb7 31. Nf1 c4 32. Nf4 Bf7 33. Ne3 Nc5 34. Bc2 Nc6 35. a3 Ne5 36. Kf1 Ned3 37. Bxd3 cxd3 38. Ke1 Bc4 39. f3 Na4 40. Nd1 g5 41. Nd5 Bb3 42. N5e3 Nc5 43. Kd2 a5 44. Nf5+ Kg6 45. Nd4 Bc4 46. b4 axb4 47. axb4 Nd7 48. Nc6 Nf8 49. Nf2 Ne6 50. g3 Ng7 51. Nxd3 Nh5 52. g4 Ng3 53. Nb2 h5 54. Nd4 Bd3 55. Nxd3 1-0

[Event "ESP-ch U14"]
[Site "Granada"]
[Date "2016.07.15"]
[Round "8"]
[White "Buitron Ramil, David"]
[Black "Quispe Arteaga, Gabriel"]
[Result "0-1"]
[WhiteElo "1835"]
[BlackElo "2238"]
[PlyCount "54"]
[EventDate "2016.07.11"]
[EventType "swiss"]
[EventRounds "9"]
[EventCountry "ESP"]
[SourceTitle "EXT 2024"]
[Source "ChessBase"]
[SourceDate "2023.10.10"]
[SourceVersion "1"]
[SourceVersionDate "2023.10.10"]
[SourceQuality "1"]

1. e4 c5 2. Nf3 Nc6 3. d4 cxd4 4. Nxd4 g6 5. Nc3 Bg7 6. Nde2 Nf6 7. g3 b5 8. Bg2 Rb8 9. 0-0 0-0 10. Nd5 d6 11. h3 Nd7 12. c3 e6 13. Ne3 Qc7 14. Bd2 Nc5 15. Qc2 a5 16. Rac1 b4 17. b3 Ba6 18. c4 a4 19. bxa4 b3 20. axb3 Nxb3 21. Rb1 Nxd2 22. Qxd2 Na5 23. Nd4 Nxc4 24. Nxc4 Qxc4 25. Nb5 Qxa4 26. Rb4 Qa5 27. Rfb1 Rxb5 0-1

[Event "ESP-ch U14"]
[Site "Granada"]
[Date "2016.07.13"]
[Round "5"]
[White "Villacorta Nicolas, David"]
[Black "Buitron Ramil, David"]
[Result "0-1"]
[WhiteElo "2035"]
[BlackElo "1835"]
[PlyCount "99"]
[EventDate "2016.07.11"]
[EventType "swiss"]
[EventRounds "9"]
[EventCountry "ESP"]
[SourceTitle "EXT 2024"]
[Source "ChessBase"]
[SourceDate "2023.10.10"]
[SourceVersion "1"]
[SourceVersionDate "2023.10.10"]
[SourceQuality "1"]

1. e4 c5 2. Nf3 d6 3. d4 cxd4 4. Nxd4 Nf6 5. Nc3 a6 6. h3 e5 7. Nde2 Be6 8. Bg5 Nbd7 9. g3 Be7 10. Bg2 0-0 11. Bxf6 Nxf6 12. g4 Rc8 13. 0-0 Qd7 14. Qd2 Rfd8 15. Rfd1 Rc5 16. Ng3 Qc7 17. g5 Nd7 18. Nf5 Nf8 19. Rac1 Kh8 20. Ne2 Ng6 21. Neg3 Nf4 22. h4 Nxg2 23. Kxg2 d5 24. Nxe7 Qxe7 25. Nf5 Qd7 26. Qe3 d4 27. Qa3 Qc6 28. Ng3 Rxc2 29. Rxc2 Qxc2 30. Qa5 Rc8 31. Rd2 Qc5 32. Qxc5 Rxc5 33. f4 f6 34. Nh5 Bf7 35. Ng3 Kg8 36. Nf5 Be6 37. fxe5 Bxf5 38. exf5 fxe5 39. Kf3 Kf7 40. Ke4 Ke7 41. h5 b5 42. Rh2 Kf7 43. g6+ hxg6 44. fxg6+ Kf6 45. Rg2 Rc7 46. Rf2+ Kg5 47. Rf5+ Kh6 48. Rxe5 Rc2 49. Re6 Re2+ 50. Kxd4 0-1

[Event "Galego-ch U14"]
[Site "Viveiro"]
[Date "2016.02.06"]
[Round "1.3"]
[White "Vazquez Gomez, Marcos"]
[Black "Buitron Ramil, David"]
[Result "0-1"]
[WhiteElo "1262"]
[BlackElo "1800"]
[PlyCount "114"]
[EventDate "2016.02.06"]
[EventType "swiss"]
[EventRounds "8"]
[EventCountry "ESP"]
[SourceTitle "EXT 2024"]
[Source "ChessBase"]
[SourceDate "2023.10.10"]
[SourceVersion "1"]
[SourceVersionDate "2023.10.10"]
[SourceQuality "1"]

1. e4 c5 2. b3 Nc6 3. Bb2 d6 4. Bb5 Bd7 5. f4 e6 6. Nf3 Nf6 7. Qe2 Be7 8. c4 0-0 9. 0-0 a6 10. Bxc6 Bxc6 11. Nc3 Rb8 12. d3 b5 13. e5 Nd7 14. Ne4 d5 15. cxd5 exd5 16. Neg5 Bxg5 17. Nxg5 h6 18. Nh3 d4 19. e6 Qe7 20. Rae1 Nb6 21. exf7+ Qxf7 22. Qe6 Bd7 23. Qxf7+ Rxf7 24. Rc1 Bxh3 25. gxh3 Nd7 26. Rc2 b4 27. Re2 Rb5 28. Bc1 Ra5 29. Rfe1 Nf8 30. a4 bxa3 31. Ra2 Nd7 32. Rxa3 Rxa3 33. Bxa3 Rxf4 34. Re7 Rf7 35. Re6 Rf6 36. Re7 Rd6 37. Re8+ Kf7 38. Rc8 Rb6 39. Bxc5 Nxc5 40. Rxc5 Rxb3 41. Ra5 Rxd3 42. Rxa6 Rxh3 43. Rd6 Rd3 44. Kf2 Rd2+ 45. Ke1 Rxh2 46. Rxd4 Kg6 47. Rg4+ Kf6 48. Rg3 g5 49. Rf3+ Kg6 50. Rg3 h5 51. Re3 g4 52. Rg3 Kg5 53. Kf1 h4 54. Rc3 g3 55. Kg1 Kg4 56. Rc4+ Kh3 57. Rd4 Ra2 0-1